000 00637nam a2200169Ia 4500
008 090711s9999 xx 000 0 und d
082 _b31255
100 _aलिमये सुलोSाना
245 _aमुलांSया शब्दात महर्षि शिंदे
260 _c1974
300 _a76
600 _aलिमये सुलोSाना
630 _aमुलांSया शब्दात महर्षि शिंदे
700 _aलिमये सुलोSाना
730 _aमुलांSया शब्दात महर्षि शिंदे
942 _cBOOK
999 _c322547
_d322547